| 000 | 00682nam a2200301Ia 4500 | ||
|---|---|---|---|
| 001 | 1638 | ||
| 008 | 191123s9999 xx 000 0 und d | ||
| 041 | _aeng | ||
| 044 | _axxu | ||
| 100 | _aGauguin, Paul, | ||
| 245 | 0 | _aGauguin. | |
| 260 |
_aNew York :London : _bAmerican Studio, _c1946. |
||
| 300 |
_acarpeta _b12 láminas color |
||
| 650 | _aFRANCIA | ||
| 650 | _aGAUGUIN, PAUL | ||
| 650 | _aGRABADOS | ||
| 650 | _aMUSEUMOF FINE ARTS. BOSTON | ||
| 650 | _aXILOGRAFIAS | ||
| 902 | _aM | ||
| 903 | _am | ||
| 904 | _am | ||
| 907 | _aImpreso | ||
| 911 | _a12 láminas color | ||
| 912 | _a1946 | ||
| 942 | _cLIBRO | ||
| 999 |
_c1337 _d1337 |
||
| 550 | _a12 láminas color | ||